000 00566nam a2200181 a 4500
001 000019255
005 20200929165950.0
008 100529s1981 pr 000 d spa d
040 _aDO-SdBNP
_bspa
_cBNPHU
082 _aPR862.44
_bM538t
100 1 _aMéndez Ballester, Manuel,
_925527
245 1 0 _aTiempo muerto :
_buna tragedia puertorriqueña /
_cManuel Méndez Ballester.
260 _aSan Juan de Puerto Rico :,
_c1981.
300 _a114 p. ;
_c20 cm.
650 4 _aTeatro puertorriqueño
_94514
650 4 _aLiteratura puertorriqueña
_9250
049 _aBNGR
999 _c18773
_d18773